[Event "Paracin Open 2020"]
[Site "Paracin"]
[Date "2020.07.07"]
[Round "5.16"]
[White "Kisic, Jovan"]
[Black "Ivic, Matija"]
[Result "1-0"]
[WhiteElo "1903"]
[BlackElo "2225"]
[Annotator "TA"]
[PlyCount "135"]
[EventDate "2020.07.03"]
[EventType "swiss"]
[EventCountry "SRB"]
[SourceTitle "playchess.com"]
[Source "ChessBase"]
[SourceQuality "1"]

{[%evp 12,135,29,27,55,16,36,34,24,11,34,30,39,20,27,-20,-20,-45,-33,-54,15,8,19,4,31,0,5,-68,0,0,0,3,10,0,10,-46,-49,-51,-51,-50,-47,-44,-51,-57,0,0,0,7,75,21,21,21,21,21,19,18,19,20,5,3,59,59,82,51,37,27,111,79,79,79,79,79,90,90,108,51,118,51,52,54,111,118,127,127,127,126,127,127,126,126,122,110,53,25,8,0,135,104,677,1579,2416,2407,2015,1000,1775,1631,1994,1547,1189,147,29975,29976,29973,29976,29976,29980,29965,29981,29981,29982,29982,29983,29987,29988,29988,29989]} 1. e4 e6 2. d4 d5 3. exd5 exd5 4. Nf3 Bd6 5. Bd3 Bg4 6. h3 Bh5 7. O-O Nc6 {C01: French: Exchange Variation.} 8. c3 Qd7 9. Nbd2 Nge7 {White is slightly better.} 10. Qc2 O-O-O 11. b4 {[%cal Bb2b4,Bb4b5][%mdl 32] [#]} Kb8 $146 ({Predecessor:} 11... Bg6 12. a4 f6 13. a5 Bxd3 14. Qxd3 g5 15. b5 Nb8 16. Ba3 h5 17. Bxd6 Qxd6 {0-1 (31) Struklec,M (1735)-Hamer,I (2001) Krapina 2016}) 12. b5 Na5 13. Re1 f6 14. Qa4 b6 15. Ba3 g5 (15... Bxa3 $15 16. Qxa3 Nc8) 16. Bxd6 $11 Qxd6 17. Qb4 {Hoping for Qxd6.} Bg6 18. Bb1 {And now Qxd6 would win.} Nf5 19. g4 (19. Qxd6 $1 $11 Nxd6 20. Bxg6 hxg6 21. a4) 19... Ng7 (19... Qf4 $1 $15 20. Bxf5 (20. gxf5 Bh5 $17) 20... Bxf5) 20. Qxd6 Rxd6 21. Re7 Ne6 22. Bxg6 hxg6 23. Re1 (23. h4 $11) 23... Nf4 $15 24. Re8+ Rd8 25. Rxd8+ Rxd8 26. h4 $1 gxh4 27. Nxh4 Rh8 (27... Nc4 $15 28. Nxc4 dxc4) 28. Ng2 $1 $11 {[%cal Rg2f4]} Nh3+ 29. Kf1 Ng5 (29... Nb7 $11) 30. f4 (30. Nf4 $16) 30... Rh1+ 31. Kf2 Rxe1 32. Kxe1 {[%mdl 4096] Endgame KNN-KNN} Ne6 33. f5 gxf5 34. gxf5 Ng7 $1 35. Ne3 Kc8 (35... a6 $11) 36. Nxd5 $14 Nxf5 37. Nxf6 Nd6 38. a4 Nac4 (38... c6 $11) 39. Kd1 Kb7 40. Nxc4 Nxc4 $16 {KN-KN} 41. Kc2 a6 42. Kb3 Nd2+ 43. Ka3 (43. Kb4 $1 $16) 43... Nb1+ ({Black should play} 43... c5 $14) 44. Kb2 (44. Kb4 $1 $16 Nd2 45. c4) 44... Nd2 $14 45. Nd5 Nc4+ (45... axb5 $14 46. axb5 c6 47. bxc6+ Kxc6) 46. Kb3 $16 Nd2+ 47. Kc2 Nc4 48. bxa6+ Kxa6 49. Nxc7+ Ka5 50. d5 {Strongly threatening Kd3.} Kxa4 51. Kd3 Nd6 52. Kd4 Kb3 53. Kd3 ({Better is} 53. Ne6 $11 Nf7 54. Nc7) 53... Ka4 $1 54. Ne6 $1 Kb5 $2 {[%mdl 8192]} (54... Ka5 $16 55. Kd4 Nf7) 55. Kd4 $18 Ka4 {[#]} 56. Ng5 $1 {[%cal Rg5e4]} Nb5+ 57. Kd3 (57. Ke5 $142 Na3 58. Ne4 Nc4+ 59. Kd4) 57... Nc7 58. d6 Na6 59. Ne6 {Threatening mate with d7.} Nb8 60. Nf8 $2 (60. c4 $18 {and White stays clearly on top. Ke4 is the strong threat.} Nd7 61. Kd4) 60... b5 $2 {[%mdl 8192] [#] Loses the game.} (60... Kb3 $16 61. Ne6 b5 62. Nc5+ Ka3) 61. d7 $1 {White mates.} Nc6 62. Ke4 Kb3 63. Kd5 Nd8 64. Ne6 Nf7 65. Kc5 Kxc3 66. Kxb5 Kd3 {[#]} 67. Ng5 $1 {[%mdl 512]} Nd8 (67... Nxg5 68. d8=Q+) 68. Kb6 {Accuracy: White = 69%, Black = 62%.} 1-0

[Event "Paracin Open 2020"]
[Site "Paracin"]
[Date "2020.07.07"]
[Round "6.1"]
[White "Mendonca, Leon Luke"]
[Black "Basso, Pier Luigi"]
[Result "1/2-1/2"]
[WhiteElo "2452"]
[BlackElo "2596"]
[Annotator "TA"]
[PlyCount "86"]
[EventDate "2020.07.03"]
[EventType "swiss"]
[EventCountry "SRB"]
[SourceTitle "playchess.com"]
[Source "ChessBase"]
[SourceQuality "1"]

{[%evp 17,86,-14,-14,-29,-41,-43,0,0,-3,-14,0,0,56,40,46,46,72,74,92,57,68,61,72,63,65,53,108,55,46,22,99,114,101,95,229,233,184,6,148,0,0,0,0,0,14,19,27,38,28,32,58,57,83,75,82,80,65,31,39,58,44,43,40,32,32,33,80,25,17,21,18]} 1. Nf3 d5 2. g3 c6 3. Bg2 Bg4 4. O-O e6 5. d3 Bd6 6. e4 Ne7 7. Nbd2 Nd7 8. h3 Bh5 9. Qe1 O-O 10. g4 {A07: Réti Opening: New York and Capablanca Systems.} Bg6 11. Nh4 Bf4 {[#]} 12. Nb3 $146 ({Predecessor:} 12. Ndf3 Bxc1 13. Rxc1 dxe4 14. dxe4 Qb6 15. b3 Rad8 16. Qe2 Nc5 17. Ne5 Qb5 18. Qxb5 cxb5 {½-½ (63) Moroni,L (2532)-Ducarmon,Q (2486) chess.com INT 2020}) 12... Bxc1 13. Rxc1 dxe4 14. dxe4 e5 (14... Qc7 $11) 15. Nf5 Bxf5 16. exf5 Qb6 17. Rd1 Rad8 18. Qe3 Qc7 19. Rfe1 Nc8 20. a4 h6 21. a5 Rfe8 (21... a6 $14) 22. Qc3 ({White should play} 22. Nc5 $1 $16) 22... a6 $14 23. Rd3 Re7 (23... Nd6 $11) 24. Qd2 $16 Rde8 25. Be4 Na7 (25... c5 $16 {was called for.}) 26. Rd1 Nf6 27. f3 $2 ({White has to play} 27. Nc5 $18) 27... Nb5 {[#]} (27... c5 $1 $11 {keeps the balance.} 28. c4 Nc6) 28. c3 (28. Nc5 $1 $16) 28... c5 $1 $11 {[%cal Rc5c4] And now ...c4 would win.} 29. Rd8 c4 30. Na1 Qxa5 31. Nc2 Kh7 32. Rxe8 Rxe8 33. Ne3 Qc7 34. Kg2 Kg8 35. Nd5 Nxd5 36. Qxd5 b6 37. Qd7 Kf8 38. Qxc7 Nxc7 $14 {KRB-KRN} 39. Rd6 Nb5 40. Rxb6 Rd8 41. Kg3 Rd2 {[#]} 42. Rb8+ (42. Bb7 $1 $16) 42... Ke7 $11 43. Rb7+ Kf8 {Accuracy: White = 76%, Black = 59%.} 1/2-1/2

[Event "Paracin Open 2020"]
[Site "Paracin"]
[Date "2020.07.07"]
[Round "6.2"]
[White "Ernst, Sipke"]
[Black "Kosic, Dragan"]
[Result "1/2-1/2"]
[WhiteElo "2540"]
[BlackElo "2429"]
[Annotator "TA"]
[PlyCount "124"]
[EventDate "2020.07.03"]
[EventType "swiss"]
[EventCountry "SRB"]
[SourceTitle "playchess.com"]
[Source "ChessBase"]
[SourceQuality "1"]

{[%evp 13,124,6,8,0,17,9,54,48,62,47,76,39,14,14,50,42,39,17,19,22,18,12,7,14,8,-37,-43,-48,7,7,3,3,30,33,44,45,45,12,12,12,12,12,12,12,12,12,18,12,42,7,65,72,64,57,57,57,57,64,57,46,46,46,46,49,47,47,46,48,49,49,57,57,77,77,86,86,89,22,107,52,52,50,50,51,84,84,84,84,84,84,124,124,131,131,131,131,131,131,131,32,32,31,31,31,31,31,31,31,31,31,31,0,0]} 1. d4 e6 2. c4 Bb4+ 3. Nd2 Nf6 4. Ngf3 b6 5. e3 Bb7 6. Be2 O-O 7. O-O d5 8. a3 {E14: Queen's Indian: Classical Variation (4 e3).} Bd6 9. b4 dxc4 10. Nxc4 {White is slightly better.} Nbd7 11. Bb2 {[#]} a6 $146 ({Predecessor:} 11... Ne4 12. Rc1 f5 13. Nxd6 cxd6 14. Bc4 Qe7 15. d5 e5 16. Bb5 Ndf6 17. Bc6 Rac8 {½-½ (60) Jurcik,M (2466)-Jacko,V (2284) Frydek Mistek 2015}) 12. Nxd6 cxd6 13. Nd2 Qe7 14. a4 Rfc8 15. b5 (15. Qb3 {is more complex.} d5 16. f3 Ne8 17. b5 axb5 18. axb5 Qg5 19. f4) 15... axb5 16. axb5 Rxa1 17. Bxa1 Ne4 18. Nxe4 Bxe4 19. Bb2 Qg5 {[%csl Ge4][%cal Rg5g2]} 20. g3 Qd5 (20... Nf6 $15) 21. f3 $11 Bc2 22. Qc1 Qb7 23. Qd2 d5 24. Rc1 Bg6 25. Rc3 h5 26. Kf2 Kh7 27. Ba3 Qa8 28. Qc1 Rxc3 29. Qxc3 Qa4 30. Bd6 Qa2 31. h3 (31. Ba3 {is interesting.} Qb1 32. Qc1 Qf5 33. Bd6 e5 34. Bc7) 31... Qc2 ({Black should play} 31... Bc2 $11) 32. Qxc2 $14 Bxc2 {[%mdl 4096] Endgame KBB-KBN} 33. g4 hxg4 34. hxg4 g5 35. Be7 f6 36. Ke1 Kg7 37. Kd2 Bg6 38. Bd8 Kf7 39. Kc3 Ke8 40. Bc7 Ke7 41. Bf1 Bh7 42. Bg2 f5 43. gxf5 Bxf5 44. e4 Bg6 45. Kd2 ({White should try} 45. e5 $16) 45... Ke8 (45... dxe4 $11 {remains equal.} 46. fxe4 Nf6) 46. exd5 (46. e5 $16) 46... exd5 47. f4 gxf4 48. Bxd5 Bf7 49. Bc6 {And now Bxb6 would win.} Ke7 50. Kd3 Bg6+ 51. Kc3 Bf7 52. d5 Nf6 {[#]} 53. Kd4 $1 ({Don't play} 53. Bxb6 $6 Bxd5 54. Bc5+ Ke6 $11) (53. Bxf4 $6 Nxd5+ 54. Bxd5 Bxd5 $11) 53... f3 54. d6+ {[%mdl 64] Discovered Attack} ({Reject} 54. Bxb6 $6 f2 $11) 54... Ke6 55. Bxf3 {Black must now prevent Be2.} Bh5 {[#] intending ...Bg4.} 56. Bg2 (56. Bc6 $1 $16) 56... Be2 57. Bh3+ Bg4 58. Bf1 Ne8 $1 59. Bxb6 {Ba5 is the strong threat.} Nxd6 60. Bc5 {Strongly threatening b6.} Nxb5+ 61. Bxb5 Bf3 62. Bc6 Bxc6 {Accuracy: White = 81%, Black = 76%.} 1/2-1/2

[Event "Paracin Open 2020"]
[Site "Paracin"]
[Date "2020.07.07"]
[Round "6.3"]
[White "Cabarkapa, Novak"]
[Black "Krasteva, Beloslava"]
[Result "0-1"]
[WhiteElo "2459"]
[BlackElo "2246"]
[Annotator "TA"]
[PlyCount "132"]
[EventDate "2020.07.03"]
[EventType "swiss"]
[EventCountry "SRB"]
[SourceTitle "playchess.com"]
[Source "ChessBase"]
[SourceQuality "1"]

{[%evp 9,132,15,25,25,30,16,26,24,20,12,22,17,35,20,10,18,20,19,23,23,76,62,94,86,75,46,54,43,70,58,50,48,38,27,36,33,47,32,49,38,37,36,32,38,38,15,17,15,10,0,0,0,0,0,6,0,0,0,0,0,8,0,0,0,0,0,0,0,0,0,0,0,0,0,0,0,0,0,0,-6,0,0,0,0,0,0,0,0,0,0,0,0,0,0,0,0,0,0,0,0,0,0,0,0,0,0,0,0,0,0,0,0,0,0,0,0,0,0,0,0,0,0,0,0,0]} 1. e4 c5 2. Nf3 d6 3. d4 cxd4 4. Qxd4 a6 5. h3 Nc6 6. Qe3 {B53: Sicilian: 2...d6: Lines with Qxd4.} g6 7. c4 Bg7 8. Be2 {White has an edge.} Nf6 9. O-O O-O 10. Nc3 Nd7 11. Rd1 Nc5 12. Rb1 a5 13. b3 f5 14. Bb2 fxe4 {[#]} (14... Rb8 $11 {remains equal.}) 15. Ng5 $1 $16 Nd3 16. Bxd3 exd3 17. Ne6 Bxe6 $1 18. Qxe6+ {[#]} Rf7 $146 ({Predecessor:} 18... Kh8 19. Rxd3 Nd4 20. Qe4 e5 21. Qxb7 Qh4 22. Rf1 Rab8 23. Qd5 a4 24. Ba3 axb3 25. Bxd6 {1-0 (42) Stoyanov,T (2386)-Patrelakis,E (2245) Anogia 2019}) 19. Rxd3 Qc8 20. Qxc8+ (20. Qe2 {is interesting.} Qf5 21. f3 Nd4 22. Qe4 Nc6 23. Qxf5 Rxf5 24. Nd5) 20... Rxc8 21. Ne4 Bxb2 22. Rxb2 Rf4 23. Nc3 Kf8 24. Re3 Rf5 25. Rd2 Re5 26. Rxe5 Nxe5 $14 {[%mdl 4096] Endgame KRN-KRN} 27. f4 Nd7 {The position is equal.} 28. Kf2 Nc5 29. Ke3 a4 30. Rb2 axb3 31. axb3 Ra8 32. b4 Ne6 33. Nd5 Nd8 34. Ke4 e6 35. Ne3 Ke7 36. Nc2 Rc8 37. Ne3 Ra8 38. g4 Ra3 39. h4 Nf7 40. Kf3 Rc3 41. Ra2 Rb3 42. b5 d5 43. cxd5 exd5 {[#] And now ...d4 would win.} 44. Rd2 Ke6 45. f5+ gxf5 46. gxf5+ Kf6 47. Rxd5 Ne5+ 48. Ke4 {Black must now prevent Rd6+.} Rb4+ 49. Rd4 Rxd4+ 50. Kxd4 $11 {Hoping for Kc5. KN-KN} Nf3+ $1 51. Ke4 Nxh4 52. Kf4 h5 53. Ke4 Kg5 54. b6 Kf6 55. Nd5+ Kf7 56. Nc7 Ke7 57. Kf4 Ng2+ 58. Kg5 {aiming for f6+.} h4 {Strongly threatening ...h3.} 59. Nd5+ (59. f6+ {is more complex.} Kf7 60. Kg4 Kxf6 61. Kh3 Nf4+ 62. Kxh4) 59... Kf7 {Threatens to win with ...h3.} 60. Kg4 Ne1 61. Kxh4 Nf3+ 62. Kg4 Ne5+ 63. Kg5 Nd7 64. Kf4 Kg7 65. Ke4 Kf7 66. Kd4 Kg7 {[%mdl 32768] Accuracy: White = 98%, Black = 96%. . Sensor Board Error (Ke4/e5)?} 0-1

[Event "Paracin Open 2020"]
[Site "Paracin"]
[Date "2020.07.07"]
[Round "6.4"]
[White "Ivanovic, Marko"]
[Black "Ratkovic, Miloje"]
[Result "0-1"]
[WhiteElo "2267"]
[BlackElo "2456"]
[Annotator "TA"]
[PlyCount "90"]
[EventDate "2020.07.03"]
[EventType "swiss"]
[EventCountry "SRB"]
[SourceTitle "playchess.com"]
[Source "ChessBase"]
[SourceQuality "1"]

{[%evp 13,90,15,31,30,45,46,72,44,67,67,70,33,20,6,10,6,9,10,45,10,26,17,17,3,30,35,27,25,32,29,37,27,32,29,48,0,17,15,49,0,0,0,0,0,0,0,0,0,0,0,0,0,0,0,66,16,15,15,160,125,190,156,279,-56,-56,-173,-173,-213,-213,-213,-145,-152,-151,-434,-396,-911,-892,-925,-893]} 1. Nf3 Nf6 2. c4 e6 3. g3 b6 4. Bg2 Bb7 5. O-O g6 6. d4 Bg7 7. Nc3 O-O 8. Qc2 {A50: Queen's Fianchetto Defence (1 d4 Nf6 2 c4 b6).} d6 9. e4 Nc6 10. a3 {White is better.} Nd7 11. Be3 {[#]} e5 $146 {[%cal Re5d4]} ({Predecessor:} 11... Ne7 12. Rfd1 Rc8 13. d5 Re8 14. Bd4 e5 15. Be3 Nf8 16. b4 c6 17. dxc6 Rxc6 {1-0 (26) Heise,S-Hagenauer,J (2111) Bad Zwesten 1999}) 12. d5 Nd4 13. Bxd4 exd4 14. Nb5 d3 $1 {[%cal Rd3c2]} 15. Qd2 Ba6 16. Nbd4 Bxc4 17. Rac1 Ba6 18. b4 Re8 19. Rfe1 Ne5 20. Nxe5 Bxe5 21. Nc6 Qf6 {...Bb2 is the strong threat.} 22. Nxe5 {[%mdl 64] [#] Discovered Attack} Qxe5 23. a4 (23. Rxc7 Rac8 $15) 23... Qd4 24. Qc3 ({Don't play} 24. Rxc7 Rec8 $11) (24. b5 $5 {[%cal Rb5a6]} Bc8 25. Rxc7 $14) 24... Qxc3 25. Rxc3 Re7 26. b5 Bc8 27. Rxd3 a6 28. Rc3 axb5 29. axb5 Kf8 30. f4 Ke8 31. e5 Kd8 32. Rec1 $36 {[%mdl 2048] Black is under pressure.} Bb7 $1 33. h4 Bc8 (33... h5 $11) 34. exd6 cxd6 35. Rc6 {[%mdl 64] [#] Double Attack} Rd7 (35... Bd7 $11 36. Rxd6 Re3) 36. f5 Bb7 (36... gxf5 $16 {was necessary.} 37. Bh3 (37. Rxb6 Ke7 $16) 37... Rda7) 37. Rxb6 $18 Rc8 (37... gxf5 $16 {was called for.} 38. Bh3 Bxd5) 38. Rcc6 $2 ({White must play} 38. Rxc8+ $18 Kxc8 39. Bh3 (39. fxg6 hxg6 40. Bh3 f5 $16)) 38... Bxc6 $15 39. dxc6 {[%mdl 4096] Endgame KRR-KRB} ({Better is} 39. bxc6 $15 Ra7 40. fxg6 fxg6 41. Rb2) 39... Ra7 $19 40. f6 Kc7 41. Rb7+ Rxb7 42. cxb7 Re8 {Threatens to win with ...Re6.} 43. g4 $2 (43. Bd5 $17 {is the only way for White.}) 43... Re5 44. Bc6 $2 (44. Kf2) 44... d5 45. Kf2 d4 {Accuracy: White = 55%, Black = 67%.} 0-1

[Event "Paracin Open 2020"]
[Site "Paracin"]
[Date "2020.07.07"]
[Round "6.5"]
[White "Damjanovic, Vuk"]
[Black "Ratkovic, Milovan"]
[Result "1/2-1/2"]
[WhiteElo "2208"]
[BlackElo "2435"]
[Annotator "TA"]
[PlyCount "40"]
[EventDate "2020.07.03"]
[EventType "swiss"]
[EventCountry "SRB"]
[SourceTitle "playchess.com"]
[Source "ChessBase"]
[SourceQuality "1"]

{[%evp 19,40,-14,-12,-12,0,2,0,-14,0,0,0,-10,3,0,12,12,17,0,-6,0,0,0,0]} 1. Nf3 Nf6 2. c4 g6 3. g3 Bg7 4. Bg2 O-O 5. O-O d6 6. Nc3 Nc6 7. d3 e5 8. Bg5 h6 9. Bxf6 Bxf6 10. Rb1 Bg7 {The position is equal.} 11. b4 {[%cal Bb2b4,Bb4b5][%mdl 32] A26: English Opening vs King's Indian with ...Nc6 and d3.} Be6 12. b5 Ne7 13. Qc2 Qd7 14. Nd2 c6 15. Rfc1 {[#]} c5 $146 ({Predecessor:} 15... f5 16. bxc6 bxc6 17. Rb4 Rab8 18. Rcb1 Rxb4 19. Rxb4 a5 20. Ra4 e4 21. dxe4 c5 {1-0 (41) Peregudov,N (2415)-Salinnikov,D (2370) Krasnoyarsk 1998}) 16. Nd5 Nxd5 17. cxd5 Bh3 18. Nc4 Bxg2 19. Kxg2 f5 20. f3 Kh7 {An uneventful encounter. Accuracy: White = 100%, Black = 100%.} 1/2-1/2

[Event "Paracin Open 2020"]
[Site "Paracin"]
[Date "2020.07.07"]
[Round "6.6"]
[White "Stanojevic, Ilija"]
[Black "Stankovic, Milos"]
[Result "0-1"]
[WhiteElo "2220"]
[BlackElo "2454"]
[Annotator "TA"]
[PlyCount "130"]
[EventDate "2020.07.03"]
[EventType "swiss"]
[EventCountry "SRB"]
[SourceTitle "playchess.com"]
[Source "ChessBase"]
[SourceQuality "1"]

{[%evp 18,130,19,5,12,7,13,0,0,0,12,-110,-108,-79,0,-24,-13,-31,-11,-22,-8,-23,1,0,0,0,0,0,0,-4,0,-61,-62,-58,-66,-85,-88,-94,-85,-102,-23,-47,-25,-41,-18,-13,-11,-61,-56,-58,-55,-121,-117,-212,-211,-395,-127,-152,-137,-143,-66,-57,0,0,0,0,0,0,0,-76,-80,-57,-60,-47,-20,-127,-127,-215,-195,-217,-24,-16,-27,-259,-220,-502,-497,-474,-410,-514,-456,-510,-586,-564,-558,-539,-556,-571,-537,-655,-630,-834,-972,-902,-793,-907,-770,-763,-756,-748,-748,-741,-734,-721,-623]} 1. Nf3 Nf6 2. c4 e6 3. Nc3 d5 4. cxd5 exd5 5. d4 c6 6. Bg5 Be7 7. e3 O-O 8. Bd3 Re8 9. Qc2 h6 10. Bh4 Ne4 {D36: Queen's Gambit Declined: Exchange Variation: Main line (5 Bg5 c6 6 Qc2).} 11. Bxe7 Qxe7 12. Bxe4 (12. O-O {with more complications.} Bf5 13. Ne5 f6 14. Nf3 Bh7 15. Rfc1) 12... dxe4 {The position is equal.} 13. Nd2 {[%cal Rc2e4]} Bf5 14. O-O-O {[#]} (14. O-O $11 {remains equal.}) 14... Na6 $1 $17 15. a3 {[#]} Bg6 $146 (15... b5 $17 16. b4 Nc7) ({Predecessor:} 15... b5 16. b4 Nc7 17. Nb3 Be6 18. Na5 Bd5 19. Kb2 Rec8 20. Rc1 Ne8 21. Nxd5 cxd5 22. Qxc8 Rxc8 23. Rxc8 {1-0 (61) Khruschiov,A (2389)-Munguntuul,B (2261) Moscow 2009}) 16. Kb1 Nc7 17. Rc1 Rad8 18. Qa4 a6 19. Nb3 Ne6 20. Qa5 Qh4 21. Rc2 Qg4 22. g3 Qh3 23. Qb6 Rd7 24. Nc5 (24. Na4 $11) 24... Nxc5 $15 25. Qxc5 Qg2 26. Rd1 Qxh2 27. d5 Qh5 28. Rcd2 Qe5 ({Black should play} 28... Qf5 $17 29. b4 Re5) 29. Qb6 cxd5 30. Rxd5 Rxd5 31. Rxd5 Qe7 32. a4 Rc8 33. Qd4 Qe6 34. a5 (34. Qb4 $15) 34... Kh7 35. Rd6 (35. Na4 $17) 35... Qf5 $19 36. Qb4 $2 (36. Qd2 {was necessary.}) 36... Rc5 $2 (36... Qxf2 $19 {has better winning chances.} 37. Qb6 Qxg3) 37. Rd2 Qc8 38. Qb6 Rc6 (38... Re5 $17 39. Qb4 Rh5) 39. Rd8 $15 Qc7 (39... Rxb6 $15 40. Rxc8 Re6) 40. Qxc7 $11 Rxc7 {[%mdl 4096] Endgame KRB-KRN} 41. Nd5 Rc4 42. b3 Rc6 43. Kb2 (43. b4 $1 $11) 43... Bf5 $17 44. Ne7 Rc5 45. b4 Re5 (45... Rb5 {keeps more tension.} 46. Kc3 Be6 47. Rd4 Re5 48. Rd6 g5) 46. Nxf5 (46. Nd5 $11) 46... Rxf5 $11 {KR-KR} 47. Rd7 (47. Kc3 $17) 47... Rxf2+ $19 48. Kc3 {[#]} Rf3 $2 (48... Re2 $1 $19 {White must now prevent ...f5.} 49. Rxf7 Rxe3+ 50. Kd4 Rxg3 51. Rxb7 h5) 49. Kd4 $11 Rxg3 50. Kxe4 $2 {This costs White the game.} (50. Rxb7 $11 {and White stays safe.} h5 51. Rxf7) 50... Rg4+ $19 51. Kf3 $2 (51. Kf5 {was called for.} Rxb4 52. Rxf7) 51... Rxb4 52. Rxf7 Kg6 53. Rd7 Kf6 {Black is clearly winning.} 54. Rd6+ Ke7 55. Rg6 Kf7 56. Rd6 h5 57. Kg3 g5 58. Rh6 h4+ 59. Kh3 Re4 60. Rb6 Rxe3+ 61. Kg4 Re5 62. Rxb7+ Ke8 63. Rh7 Rxa5 64. Ra7 Kd8 65. Rh7 Re5 {Accuracy: White = 51%, Black = 71%.} 0-1

[Event "Paracin Open 2020"]
[Site "Paracin"]
[Date "2020.07.07"]
[Round "6.7"]
[White "Kisic, Jovan"]
[Black "Abramovic, Bosko"]
[Result "1/2-1/2"]
[WhiteElo "1860"]
[BlackElo "2351"]
[Annotator "TA"]
[PlyCount "88"]
[EventDate "2020.07.03"]
[EventType "swiss"]
[EventCountry "SRB"]
[SourceTitle "playchess.com"]
[Source "ChessBase"]
[SourceQuality "1"]

{[%evp 21,88,0,0,0,0,0,17,0,0,-32,0,-9,-6,-25,-22,-47,-46,-38,-22,-36,-18,-23,-4,-6,-7,-2,0,-5,0,0,0,0,0,0,0,0,0,-6,0,0,0,-10,0,0,0,0,-2,-12,-10,-12,-6,-7,0,0,-5,-40,0,0,0,0,0,0,0,0,0,0,0,0,0]} 1. Nf3 Nf6 2. c4 e6 3. g3 b6 4. Bg2 Bb7 5. b3 Be7 6. Bb2 O-O 7. O-O d5 8. d4 Nbd7 9. Nbd2 c5 10. e3 Rc8 11. Rc1 Rc7 12. dxc5 {E17: Queen's Indian: 4 g3 Bb7 5 Bg2 Be7.} Nxc5 13. Ne5 {[#]} Qc8 $146 ({Predecessor:} 13... a5 14. Qe2 Qc8 15. Rfd1 Ba6 16. h3 Nfe4 17. Nxe4 dxe4 18. Bd4 f6 19. Ng4 e5 20. Bxc5 Rxc5 {0-1 (66) Rupam,M (1771)-Bharat,K (2299) Hyderabad 2019}) 14. cxd5 Bxd5 15. Ndf3 a5 16. Qe2 Qb7 17. Rfd1 Rfc8 18. Ne1 Bxg2 19. Nxg2 b5 20. Qf3 Qxf3 21. Nxf3 Nce4 {With the idea ...Ng4.} 22. Nd4 b4 23. Rxc7 Rxc7 24. Rc1 Rxc1+ 25. Bxc1 Nc3 26. Bb2 Nxa2 27. Nc6 Kf8 28. Nxa5 Ne4 29. Nf4 g5 30. Nd3 g4 31. Kg2 h5 32. f3 Nd2 33. fxg4 hxg4 34. h3 gxh3+ 35. Kxh3 f6 36. g4 e5 37. Nc6 Bd6 38. Na5 (38. g5 $5) 38... Ke7 39. g5 {The position is equal.} fxg5 40. Bxe5 Nf1 41. Nc6+ Kd7 42. Bxd6 Kxd6 43. Ncxb4 Nxb4 44. Nxb4 Nxe3 {Accuracy: White = 92%, Black = 93%.} 1/2-1/2

[Event "Paracin Open 2020"]
[Site "Paracin"]
[Date "2020.07.07"]
[Round "6.8"]
[White "Radeva, Viktoria"]
[Black "Todorovic, Nenad I"]
[Result "0-1"]
[WhiteElo "2327"]
[BlackElo "2295"]
[Annotator "ChessBase"]
[PlyCount "82"]
[EventDate "2020.07.03"]
[EventType "swiss"]
[EventCountry "SRB"]
[SourceTitle "playchess.com"]
[Source "ChessBase"]
[SourceQuality "1"]
[TimeControl "5400+30"]

1. e4 {[%emt 0:00:00]} c5 {[%emt 0:00:14]} 2. Nf3 {[%emt 0:00:00]} d6 {[%emt 0:00:06]} 3. d4 {[%emt 0:00:00]} cxd4 {[%emt 0:00:03]} 4. Qxd4 {[%emt 0:00:00]} a6 {[%emt 0:13:57]} 5. h3 {[%emt 0:00:32]} Nc6 {[%emt 0:00:07]} 6. Qe3 {[%emt 0:00:07]} g6 {[%emt 0:00:09]} 7. Be2 {[%emt 0:00:21]} Bg7 {[%emt 0:00:10]} 8. O-O {[%emt 0:00:29]} Nf6 {[%emt 0:00:07]} 9. c4 {[%emt 0:00:05]} O-O {[%emt 0:00:33]} 10. Nc3 {[%emt 0:00:06]} Nd7 {[%emt 0:03:42]} 11. Rd1 {[%emt 0:00:14]} Nc5 {[%emt 0:02:32]} 12. Rb1 {[%emt 0:00:28]} Bxc3 {[%emt 0:20:15]} 13. bxc3 {[%emt 0:25:36]} f6 {[%emt 0:33:12]} 14. Ba3 {[%emt 0:03:47]} b6 {[%emt 0:01:59]} 15. Nd4 {[%emt 0:01:55]} Bd7 {[%emt 0:00:21]} 16. f4 {[%emt 0:03:38]} Qc7 {[%emt 0:01:43]} 17. h4 {[%emt 0:05:55]} Na5 {[%emt 0:02:34]} 18. f5 {[%emt 0:05:35]} Nc6 {[%emt 0:06:32]} 19. Nxc6 {[%emt 0:07:25]} Bxc6 {[%emt 0:00:45]} 20. Bf3 {[%emt 0:01:15]} Nd7 {[%emt 0:04:22]} 21. Bc1 {[%emt 0:01:19]} gxf5 {[%emt 0:00:57]} 22. exf5 {[%emt 0:04:10]} Bxf3 {[%emt 0:00:07]} 23. Qxf3 {[%emt 0:00:08]} Ne5 {[%emt 0:01:37]} 24. Qd5+ {[%emt 0:00:44]} Kh8 {[%emt 0:00:00]} 25. Be3 {[%emt 0:00:36]} Qxc4 {[%emt 0:01:33]} 26. Rxb6 {[%emt 0:02:07]} Qxd5 {[%emt 0:00:37]} 27. Rxd5 {[%emt 0:00:14]} Nc4 {[%emt 0:00:15]} 28. Rd3 {[%emt 0:02:19]} Nxb6 {[%emt 0:00:14]} 29. Bxb6 {[%emt 0:00:01]} Rab8 {[%emt 0:00:09]} 30. Bd4 {[%emt 0:00:17]} Kg8 {[%emt 0:01:55]} 31. Rd2 {[%emt 0:01:14]} Kf7 {[%emt 0:00:10]} 32. Kf2 {[%emt 0:01:16]} h5 {[%emt 0:02:24]} 33. a4 {[%emt 0:01:33]} Rb3 {[%emt 0:00:14]} 34. Kf3 {[%emt 0:02:03]} Rg8 {[%emt 0:01:45]} 35. g3 {[%emt 0:01:17]} Ra3 {[%emt 0:00:49]} 36. Rb2 {[%emt 0:01:40]} Rxa4 {[%emt 0:00:30]} 37. Rb7 {[%emt 0:00:08]} Ra1 {[%emt 0:00:37]} 38. Rc7 {[%emt 0:03:03]} Ra5 {[%emt 0:00:37]} 39. Be3 {[%emt 0:00:13]} Rxf5+ {[%emt 0:00:09]} 40. Bf4 {[%emt 0:00:01]} Rc5 {[%emt 0:00:16]} 41. Bxd6 {[%emt 0:00:12]} Rxc7 {[%emt 0:00:08]} 0-1